000
00335nam a22001457a 4500
008
230831b ||||| |||| 00| 0 eng d
020
_a
9780618833580
041
_a
eng
080
_2
3 EDITION
_a
338
082
_a
338DEN
100
_a
24
101
_a
MBE
245
_a
HUMAN RESOURCE MANAGEMENT
_c
DENISI / GRIFFIN
942
_2
udc
_c
BK
999
_c
60229
_d
60229